000 00751nam a2200289Ia 4500
005 20260324142422.0
008 008 260324s9999 xx 000 0 eng d
020 _a9780429046766
037 _aEBOOK
040 _aCRL
040 _beng
040 _cCRL
041 _2eng
041 _aeng
084 _qCRL
100 _aSamuel J. Eldersveld
_91211865
245 0 _aLocal Elites In Western Democracies
245 2 _bA Comparative Analysis Of Urban Political Leaders In The U.s., Sweden, And The Netherlands
260 _bTaylor and Francis
260 _c1995
365 _a
365 _b230
856 _uhttp://www.taylorfrancis.com/books/9780429046766
942 _cEBOOK
999 _c1816036
_d1816036